000
00312nam a22001337a 4500
008
170623b xxu||||| |||| 00| 0 eng d
020
_a
9780195138610
041
_a
eng
080
_a
34
100
_a
15
101
_a
SHJ
245
_a
SENTENCING AND SANCTIONS WESTERN COUNTRIES
_c
TONRY.M
942
_2
udc
_c
BK
999
_c
18965
_d
18965